000 00470nam a22001697a 4500
003 BD-ChCU
005 20260226130647.0
008 260226b bg ||||| |||| 00| 0 ben d
040 _cBD-ChCU
082 _a364.1 TAC
100 _aTappan , Paul W.
_920650
245 _aCrime , Justice and correction ./
_cPaul W. Tappan .
260 _aNew York :
_bMcGraw -hill ,
_cC 1960
300 _axiii , 781p
650 0 _aCrime and Criminology .
_920651
942 _2ddc
_cBK
_n0
999 _c111773
_d111773